Normal view
MARC view
- Indian Space Research Organisation
Entry Corporate Name
001 - CONTROL NUMBER
- control field: 101560
003 - CONTROL NUMBER IDENTIFIER
- control field: NUST
005 - DATE AND TIME OF LATEST TRANSACTION
- control field: 20221027155139.0
008 - FIXED-LENGTH DATA ELEMENTS
- fixed length control field: 221027|| aca||aabn | a|a d
040 ## - CATALOGING SOURCE
- Original cataloging agency: NUST
- Transcribing agency: NUST
110 ## - HEADING--CORPORATE NAME
- Corporate name or jurisdiction name as entry element: Indian Space Research Organisation
670 ## - SOURCE DATA FOUND
- Source citation: Work cat.: (NUST)0: From fishing hamlet to red planet :
